| 000 | 01102nam a2200253Ia 4500 | ||
|---|---|---|---|
| 003 | OSt | ||
| 005 | 20210430113419.0 | ||
| 008 | 210310s2001 ck gr 000 0 spa d | ||
| 020 | _a8466302670 | ||
| 040 |
_aCO-JMCR _cCO-JMCR |
||
| 041 | 0 | _aspa | |
| 082 | 0 | 4 |
_a330.9 / _bT622i _223 |
| 100 | 1 |
_aTodd, Emmanuel, _eautor _926047 |
|
| 245 | 1 | 3 |
_aLa ilusión económica : _bsobre el estancamiento de las sociedades desarrolladas / _cEmmanuel Todd ; traducción y adaptación de Estrella Tricado Aznar |
| 260 |
_aMadrid, España : _bSantillana, _c2001. |
||
| 300 |
_a378 páginas ; _c19 cm. |
||
| 490 | 0 | _aPunto de lectura | |
| 500 | _aIncluye índices y notas a pie de página. | ||
| 505 | 0 | _aElementos de antropología al uso de los economistas. -- Un techo cultural. -- Los dos capitalismos. -- La vuelta de los 90. -- La utopía liberalista. -- La utopía monetaria. -- Sociología del pensamiento cero.-- La vuelta del conflicto. | |
| 650 | 1 | 4 |
_aAntropología y economía _937285 |
| 650 | 2 | 4 |
_aCapitalismo _937286 |
| 700 | 1 |
_aTrincado Aznar, Estrella, _etraductora _937287 |
|
| 942 |
_2ddc _cBK |
||
| 999 |
_c11637 _d11637 |
||